Statistics for Country Picture Puzzle Game #4

Click here to take the quiz!

General Stats

  • This quiz has been taken 2,892 times
  • The average score is 11 of 17

Answer Stats

Hint Answer % Correct
HTML tutorial How many stars are in the flag of the USA?50
95%
HTML tutorial What country has land border only with United Kingdom?Ireland
94%
HTML tutorial What Arfican country has land border with Spain?Morocco
89%
HTML tutorial What is the biggest US state by area?Alaska
87%
HTML tutorial St. Kitts and _____.Nevis
84%
HTML tutorial How many natural satellites Mars has?Two
82%
HTML tutorial What is the capitaly city of North Korea?Pyongyang
80%
HTML tutorial What city is the capital of Djibouti?Djibouti
78%
HTML tutorial What language has most speakers in Greenland besides Greenlandic?Danish
74%
Croatia
63%
HTML tutorial What is the former name of Thailand?Siam
62%
HTML tutorial Whati is the former name of Ho Chi Minh City?Saigon
60%
HTML tutorial What is the highest mountain in Scotland?Ben Nevis
41%
HTML tutorial What is the name of the largest city in Palestine?Gaza
39%
HTML tutorial It was Danzig, now it is ______.Gdansk
38%
HTML tutorial What is the longes river in South Africa?Orange River
22%
HTML tutorial What is the northernmost region of Serbia?Vojvodina
15%

Score Distribution

Percentile by Number Answered

Percent of People with Each Score

Your Score History

You have not taken this quiz